书目信息 |
| 题名: |
英语写作沙龙
|
|
| 作者: | 许虹 编著 | |
| 分册: | ||
| 出版信息: | 成都 西南交通大学出版社 2020.11 |
|
| 页数: | 124页 | |
| 开本: | 26cm | |
| 丛书名: | ||
| 单 册: | ||
| 中图分类: | H319.36 | |
| 科图分类: | ||
| 主题词: | 英语--ying yu--写作--教材 | |
| 电子资源: | ||
| ISBN: | 978-7-5643-7768-7 | |
| 000 | 00896nam0 2200253 450 | |
| 001 | 0100028914 | |
| 005 | 20211025120159.0 | |
| 010 | @a978-7-5643-7768-7@dCNY35.00 | |
| 100 | @a20201216d2020 em y0chiy50 ea | |
| 101 | 0 | @achi@aeng |
| 102 | @aCN@b510000 | |
| 105 | @ay a 000yy | |
| 106 | @ar | |
| 200 | 1 | @a英语写作沙龙@Aying yu xie zuo sha long@d= English writing salon@f许虹编著@zeng |
| 210 | @a成都@c西南交通大学出版社@d2020.11 | |
| 215 | @a124页@d26cm | |
| 320 | @a有书目 (第122-124页) | |
| 330 | @a本书书中选文材料来源广泛, 既有本科英语教材文本, 又有名家名篇, 还有网络优美文章 ; 体裁力求多样, 既有故事小说, 又有散文诗歌, 还有演讲报告, 以便最大可能地吸取语言的魅力。 | |
| 510 | 1 | @aEnglish writing salon@zeng |
| 606 | 0 | @a英语@Aying yu@x写作@j教材 |
| 690 | @aH319.36@v5 | |
| 701 | 0 | @a许虹@Axu hong@4编著 |
| 801 | 0 | @aCN@c20210909 |
| 905 | @a河南城建学院图书馆@dH319.36@eX862 | |
| 英语写作沙龙= English writing salon/许虹编著.-成都:西南交通大学出版社,2020.11 |
| 124页;26cm |
| ISBN 978-7-5643-7768-7:CNY35.00 |
| 本书书中选文材料来源广泛, 既有本科英语教材文本, 又有名家名篇, 还有网络优美文章 ; 体裁力求多样, 既有故事小说, 又有散文诗歌, 还有演讲报告, 以便最大可能地吸取语言的魅力。 |
| ● |
| 相关链接 |
|
|
|
正题名:英语写作沙龙
索取号:H319.36/X862
 
预约/预借
| 序号 | 登录号 | 条形码 | 馆藏地/架位号 | 状态 | 备注 |
| 1 | 1546253 | 215462531 | 语言库209/209语言库 43排2列2层/ [索取号:H319.36/X862] | 在馆 | |
| 2 | 1546254 | 215462540 | 语言库209/209语言库 43排2列2层/ [索取号:H319.36/X862] | 在馆 |